[Event "Eschborn op"]
[Site "Eschborn"]
[Date "2019.08.17"]
[Round "2.41"]
[White "Ebeling, Leander"]
[Black "Pessotschinski, Eduard"]
[Result "1-0"]
[WhiteElo "1718"]
[BlackElo "1255"]
[PlyCount "67"]
[EventDate "2019.08.16"]
[EventType "swiss"]
[EventRounds "5"]
[EventCountry "GER"]
[SourceTitle "EXT 2024"]
[Source "ChessBase"]
[SourceDate "2023.10.10"]
[SourceVersion "1"]
[SourceVersionDate "2023.10.10"]
[SourceQuality "1"]

1. c4 e5 2. Nc3 Nc6 3. Nf3 d6 4. g3 g6 5. Bg2 Bg7 6. 0-0 Nf6 7. d3 Be6 8. Rb1 0-0 9. e4 Qd7 10. Ng5 Nd4 11. Nxe6 Qxe6 12. f4 exf4 13. Bxf4 Qg4 14. Qd2 Rfe8 15. Rbe1 Qh5 16. h3 Nd7 17. Nd5 Rac8 18. Be3 c6 19. Nf4 Qe5 20. Qf2 Nc5 21. b4 Nd7 22. Kh2 c5 23. Nd5 Rf8 24. Bxd4 cxd4 25. h4 f5 26. exf5 Rxf5 27. Rxe5 Rxf2 28. Rxf2 Nxe5 29. Ne7+ Kh8 30. Nxc8 Ng4+ 31. Kg1 Nxf2 32. Kxf2 Bf8 33. Bxb7 Kg7 34. Nxa7 1-0

[Event "Eschborn op"]
[Site "Eschborn"]
[Date "2019.08.17"]
[Round "3.22"]
[White "Kretner, Georg Ulrich"]
[Black "Ebeling, Leander"]
[Result "0-1"]
[WhiteElo "1838"]
[BlackElo "1718"]
[PlyCount "58"]
[EventDate "2019.08.16"]
[EventType "swiss"]
[EventRounds "5"]
[EventCountry "GER"]
[SourceTitle "EXT 2024"]
[Source "ChessBase"]
[SourceDate "2023.10.10"]
[SourceVersion "1"]
[SourceVersionDate "2023.10.10"]
[SourceQuality "1"]

1. d4 d5 2. c4 c6 3. Nf3 Nf6 4. Nc3 dxc4 5. e4 b5 6. e5 Nd5 7. a4 e6 8. axb5 Nxc3 9. bxc3 cxb5 10. Ng5 Bb7 11. Qg4 Be7 12. h4 h5 13. Qf4 Bxg5 14. hxg5 g6 15. Ba3 Bd5 16. Rh3 Nc6 17. g4 h4 18. Be2 a5 19. Bc5 b4 20. cxb4 axb4 21. Rc1 Ra3 22. Rh2 Qa5 23. Bxc4 Bxc4 24. Rxc4 b3+ 25. Ke2 b2 26. Qf6 Rg8 27. Rb4 Qxb4 28. Bxb4 b1Q 29. Bxa3 Qa2+ 0-1

[Event "GER-ch U25-B"]
[Site "Willingen"]
[Date "2019.06.13"]
[Round "7"]
[White "Bilecen, Simon"]
[Black "Ebeling, Leander"]
[Result "0-1"]
[WhiteElo "1669"]
[BlackElo "1694"]
[PlyCount "120"]
[EventDate "2019.06.08"]
[EventType "swiss"]
[EventRounds "9"]
[EventCountry "GER"]
[SourceTitle "CBM 191 Extra"]
[Source "ChessBase"]
[SourceDate "2019.09.30"]
[SourceVersion "1"]
[SourceVersionDate "2019.09.30"]
[SourceQuality "1"]

1. Nf3 Nf6 2. c4 c6 3. g3 d5 4. cxd5 cxd5 5. Bg2 Nc6 6. 0-0 Bf5 7. d3 g6 8. b3 Bg7 9. Bb2 0-0 10. Nbd2 Re8 11. Rc1 e5 12. Nh4 Be6 13. Re1 Qd7 14. a3 Rac8 15. b4 a6 16. Nb3 b6 17. e3 e4 18. dxe4 dxe4 19. Nd4 Nxd4 20. Bxd4 g5 21. Bxf6 Qxd1 22. Rcxd1 Bxf6 23. f4 gxh4 24. Rd6 hxg3 25. hxg3 Bb2 26. Bxe4 Bxa3 27. Rxb6 Bc4 28. Bf5 Kg7 29. Bxc8 Rxc8 30. Rd1 Bb5 31. Rd4 Rc1+ 32. Kf2 Rf1+ 33. Kg2 Rb1 34. Rd5 h6 35. Rh5 Rxb4 36. Rbxh6 Rb2+ 37. Kg1 Rc2 38. Rh7+ Kf8 39. Rh8+ Ke7 40. Re5+ Kf6 41. Rg8 Bb2 42. Rh5 Bc1 43. Re5 Re2 44. e4 Bb2 45. Rf5+ Ke7 46. Rc8 Bd7 47. Rc7 Kd8 48. Rxd7+ Kxd7 49. Rxf7+ Ke8 50. Rf5 Rxe4 51. Ra5 Re1+ 52. Kf2 Ra1 53. Rd5 a5 54. Ke2 a4 55. Kd2 a3 56. Kc2 Rc1+ 57. Kb3 Rc3+ 58. Ka2 Rxg3 59. f5 Rg2 60. Kb1 Bc3 0-1

[Event "GER-ch U25-B"]
[Site "Willingen"]
[Date "2019.06.12"]
[Round "5"]
[White "Ebeling, Leander"]
[Black "Schilay, Maria"]
[Result "1-0"]
[WhiteElo "1694"]
[BlackElo "1415"]
[PlyCount "143"]
[EventDate "2019.06.08"]
[EventType "swiss"]
[EventRounds "9"]
[EventCountry "GER"]
[SourceTitle "CBM 191 Extra"]
[Source "ChessBase"]
[SourceDate "2019.09.30"]
[SourceVersion "1"]
[SourceVersionDate "2019.09.30"]
[SourceQuality "1"]

1. e4 e5 2. Nf3 Nc6 3. Bc4 Nf6 4. 0-0 Be7 5. Re1 0-0 6. c3 d6 7. h3 Re8 8. Ng5 Rf8 9. d4 h6 10. Nf3 b6 11. Nbd2 Bb7 12. Nf1 exd4 13. cxd4 d5 14. exd5 Nxd5 15. Ng3 Qd7 16. Bb5 Qd6 17. Nf5 Qf6 18. Qd3 Rad8 19. Bxc6 Bxc6 20. Ne5 Rfe8 21. Ng4 Qg6 22. Ne5 Qf6 23. Nxc6 Qxc6 24. Qg3 Qg6 25. Qxg6 fxg6 26. Nxe7+ Rxe7 27. Rxe7 Nxe7 28. Be3 Nf5 29. Kf1 Nxd4 30. Rc1 c5 31. b4 cxb4 32. Rc7 Nb5 33. Rc4 Rd1+ 34. Ke2 Ra1 35. Rxb4 Rxa2+ 36. Kf3 Nc7 37. Rc4 Nd5 38. Bd4 Ra5 39. Rc8+ Kf7 40. Ke4 Nf6+ 41. Kf4 Ra4 42. Ke5 Ra5+ 43. Kf4 Rd5 44. Bb2 Rd7 45. Ba3 Rb7 46. Ke5 Ne8 47. g4 b5 48. Bb4 Rb6 49. f4 Re6+ 50. Kd5 a6 51. g5 hxg5 52. fxg5 Re3 53. Rb8 Rxh3 54. Rb7+ Kg8 55. Re7 Rd3+ 56. Kc6 Rd8 57. Ba5 Rb8 58. Kd7 b4 59. Rxe8+ Rxe8 60. Kxe8 b3 61. Bc3 a5 62. Bb2 a4 63. Ke7 Kh8 64. Kf8 Kh7 65. Kf7 Kh8 66. Kxg6 Kg8 67. Ba3 Kh8 68. Kf7 Kh7 69. g6+ Kh6 70. Bc1+ Kh5 71. Kxg7 Kg4 72. Kf6 1-0

[Event "GER-ch U25-B"]
[Site "Willingen"]
[Date "2019.06.12"]
[Round "6"]
[White "Maul, Maik Joel"]
[Black "Ebeling, Leander"]
[Result "1/2-1/2"]
[WhiteElo "1590"]
[BlackElo "1694"]
[PlyCount "58"]
[EventDate "2019.06.08"]
[EventType "swiss"]
[EventRounds "9"]
[EventCountry "GER"]
[SourceTitle "CBM 191 Extra"]
[Source "ChessBase"]
[SourceDate "2019.09.30"]
[SourceVersion "1"]
[SourceVersionDate "2019.09.30"]
[SourceQuality "1"]

1. d4 d5 2. Nc3 Nf6 3. Bf4 e6 4. e3 Bb4 5. Bd3 Bxc3+ 6. bxc3 0-0 7. c4 c5 8. Nf3 Nc6 9. 0-0 Nh5 10. Bxh7+ Kxh7 11. Ng5+ Kg6 12. Qg4 f5 13. Qh4 Nxf4 14. exf4 Rh8 15. Qg3 Kf6 16. Rfe1 Nxd4 17. cxd5 exd5 18. Re5 Nc6 19. Re2 Bd7 20. Rae1 g6 21. Ne6 Qb6 22. Qg5+ Kf7 23. Nc7 Rae8 24. Nxe8 Rxe8 25. Rxe8 Bxe8 26. Qh6 Qd8 27. Qh7+ Kf6 28. Qh8+ Kf7 29. Qh7+ Kf6 1/2-1/2

[Event "GER-ch U25-B"]
[Site "Willingen"]
[Date "2019.06.10"]
[Round "3"]
[White "Ebeling, Leander"]
[Black "Grossmann, Piet"]
[Result "0-1"]
[WhiteElo "1694"]
[BlackElo "1801"]
[PlyCount "112"]
[EventDate "2019.06.08"]
[EventType "swiss"]
[EventRounds "9"]
[EventCountry "GER"]
[SourceTitle "CBM 191 Extra"]
[Source "ChessBase"]
[SourceDate "2019.09.30"]
[SourceVersion "1"]
[SourceVersionDate "2019.09.30"]
[SourceQuality "1"]

1. c4 e6 2. Nc3 Bb4 3. g3 Nf6 4. Bg2 c5 5. e4 Bxc3 6. bxc3 Nc6 7. Ne2 0-0 8. 0-0 d6 9. d3 Qc7 10. h3 b6 11. Bg5 Nd7 12. Qd2 Bb7 13. Be3 Rad8 14. f4 f5 15. g4 Na5 16. Ng3 fxe4 17. Nxe4 Bxe4 18. Bxe4 Nf6 19. Bg2 d5 20. cxd5 exd5 21. Qf2 c4 22. d4 Rfe8 23. f5 Ne4 24. Qc2 Nc6 25. Bf4 Qd7 26. Rae1 b5 27. Bxe4 Rxe4 28. Rxe4 dxe4 29. Qxe4 b4 30. cxb4 Qxd4+ 31. Qxd4 Rxd4 32. Be3 Rd3 33. Bc5 Rxh3 34. Kg2 Rd3 35. Rc1 c3 36. b5 Nd4 37. Bxd4 Rxd4 38. Rxc3 Rxg4+ 39. Kf3 Ra4 40. a3 h6 41. Ke2 Kf7 42. Kd2 Kf6 43. Kc2 Ra5 44. Rc6+ Kxf5 45. Rc5+ Ke4 46. Kb3 a6 47. Kb4 Rxb5+ 48. Rxb5 axb5 49. Kxb5 Kd5 50. a4 Kd6 51. Kb6 g5 52. a5 g4 53. a6 g3 54. a7 g2 55. a8Q g1Q+ 56. Kb5 Qc5+ 0-1

[Event "Eschborn op"]
[Site "Eschborn"]
[Date "2017.10.15"]
[Round "4"]
[White "Ebeling, Leander"]
[Black "Mengel, Alexander"]
[Result "1-0"]
[WhiteElo "1599"]
[BlackElo "1595"]
[PlyCount "93"]
[EventDate "2017.10.13"]
[EventType "swiss"]
[EventRounds "5"]
[EventCountry "GER"]
[SourceTitle "EXT 2019"]
[Source "ChessBase"]
[SourceDate "2018.10.10"]
[SourceVersion "1"]
[SourceVersionDate "2018.10.10"]
[SourceQuality "1"]

1. c4 Nf6 2. Nf3 e6 3. Nc3 d5 4. cxd5 exd5 5. g3 c6 6. d3 Bd6 7. Bg2 h6 8. a3 0-0 9. 0-0 Be6 10. b4 Nbd7 11. e3 Re8 12. Bb2 Bg4 13. h3 Bh5 14. Ne2 Bxf3 15. Bxf3 Ne5 16. Bg2 Ng6 17. Rc1 a6 18. Qb3 Qe7 19. Nd4 Qd7 20. a4 Rac8 21. Ne2 Nh5 22. b5 axb5 23. axb5 Be5 24. bxc6 bxc6 25. d4 Bd6 26. Ba3 Nf6 27. Bxd6 Qxd6 28. Rc3 Re6 29. Rfc1 Ne7 30. Nf4 Re4 31. Bxe4 Nxe4 32. R3c2 Qd7 33. Kg2 Nd6 34. Rb1 Qf5 35. Qd3 Qxd3 36. Nxd3 Nc4 37. Rb7 Kf8 38. Nb4 Nd6 39. Ra7 Ke8 40. Ra6 Nc4 41. g4 Kd7 42. Ra7+ Kd6 43. e4 f6 44. exd5 cxd5 45. Ra6+ Kd7 46. Re2 Rc7 47. Rxe7+ 1-0

[Event "Heusenstamm Sparkassen op-A 3rd"]
[Site "Heusenstamm"]
[Date "2016.11.27"]
[Round "7"]
[White "Ebeling, Leander"]
[Black "Schubert, Wolfgang"]
[Result "1/2-1/2"]
[WhiteElo "1691"]
[BlackElo "1845"]
[PlyCount "63"]
[EventDate "2016.11.24"]
[EventType "swiss"]
[EventRounds "7"]
[EventCountry "GER"]
[SourceTitle "EXT 2018"]
[Source "ChessBase"]
[SourceDate "2017.10.13"]
[SourceVersion "1"]
[SourceVersionDate "2017.10.13"]
[SourceQuality "1"]

1. c4 c6 2. Nc3 d5 3. e3 Nf6 4. Nf3 e6 5. d4 Be7 6. Bd3 0-0 7. 0-0 b6 8. Re1 Nbd7 9. Qc2 Bb7 10. Ne5 c5 11. f4 Rc8 12. b3 Re8 13. h3 Nf8 14. g4 cxd4 15. Nb5 dxc4 16. bxc4 Bb4 17. Bd2 Bxd2 18. Qxd2 dxe3 19. Rxe3 a6 20. Nd6 Qc7 21. Nexf7 Ba8 22. Nxe8 Rxe8 23. Ne5 N8d7 24. Nxd7 Qxd7 25. Rd1 Qc6 26. Bf1 Qh1+ 27. Kf2 Ne4+ 28. Rxe4 Qxe4 29. Qe3 Qc6 30. Rb1 b5 31. Rc1 bxc4 32. Rxc4 1/2-1/2

[Event "Eschborn op"]
[Site "Eschborn"]
[Date "2016.09.04"]
[Round "5"]
[White "Ebeling, Leander"]
[Black "Ebeling, Gereon"]
[Result "1/2-1/2"]
[WhiteElo "1335"]
[BlackElo "1033"]
[PlyCount "48"]
[EventDate "2016.09.02"]
[EventType "swiss"]
[EventRounds "5"]
[EventCountry "GER"]
[SourceTitle "EXT 2018"]
[Source "ChessBase"]
[SourceDate "2017.10.13"]
[SourceVersion "1"]
[SourceVersionDate "2017.10.13"]
[SourceQuality "1"]

1. c4 c5 2. Nc3 g6 3. g3 Bg7 4. Bg2 Nc6 5. Nf3 Nf6 6. 0-0 0-0 7. d3 e6 8. e4 d6 9. a3 b6 10. Rb1 e5 11. b4 Bg4 12. h3 Be6 13. Nd5 Ne7 14. Nxf6+ Bxf6 15. Bh6 Bg7 16. Bxg7 Kxg7 17. Qd2 f6 18. Nh4 Qd7 19. g4 g5 20. Nf5+ Nxf5 21. exf5 Bf7 22. Bxa8 Rxa8 23. bxc5 dxc5 24. Qe3 Rd8 1/2-1/2

[Event "Wiesbaden op 28th"]
[Site "Wiesbaden"]
[Date "2016.08.28"]
[Round "7"]
[White "Bonrath, Werner"]
[Black "Ebeling, Leander"]
[Result "1-0"]
[WhiteElo "1552"]
[BlackElo "1809"]
[PlyCount "53"]
[EventDate "2016.08.25"]
[EventType "swiss"]
[EventRounds "7"]
[EventCountry "GER"]
[SourceTitle "CBM 174 Extra"]
[Source "ChessBase"]
[SourceDate "2016.10.10"]
[SourceVersion "1"]
[SourceVersionDate "2016.10.10"]
[SourceQuality "1"]

1. Nf3 c6 2. c4 d5 3. d4 Nf6 4. Nc3 dxc4 5. e4 Bg4 6. Bxc4 e6 7. 0-0 Nbd7 8. Be2 Be7 9. Bf4 0-0 10. Rc1 c5 11. Be3 cxd4 12. Nxd4 Bxe2 13. Qxe2 Qa5 14. a3 Rac8 15. Qb5 Qxb5 16. Ndxb5 a6 17. Nd4 Ne5 18. Rfd1 Nc4 19. Rc2 Nxe3 20. fxe3 Rfd8 21. Rdc1 Bc5 22. Nce2 Nd7 23. b4 Bxd4 24. Rxc8 Bxe3+ 25. Kf1 Bxc1 26. Rxd8+ Nf8 27. Nxc1 1-0

[Event "Wiesbaden op 28th"]
[Site "Wiesbaden"]
[Date "2016.08.27"]
[Round "5"]
[White "Werner, Tom"]
[Black "Ebeling, Leander"]
[Result "1/2-1/2"]
[WhiteElo "1242"]
[BlackElo "1809"]
[PlyCount "132"]
[EventDate "2016.08.25"]
[EventType "swiss"]
[EventRounds "7"]
[EventCountry "GER"]
[SourceTitle "CBM 174 Extra"]
[Source "ChessBase"]
[SourceDate "2016.10.10"]
[SourceVersion "1"]
[SourceVersionDate "2016.10.10"]
[SourceQuality "1"]

1. e4 c6 2. Nf3 d5 3. Nc3 Bg4 4. Be2 dxe4 5. Nxe4 Nd7 6. h3 Bh5 7. Ng3 Bg6 8. h4 h6 9. h5 Bh7 10. d4 e6 11. Bd2 Ngf6 12. Bc3 Bd6 13. Nf1 Ne4 14. Bd2 Nxd2 15. Qxd2 Qb6 16. c3 0-0-0 17. g3 Nf6 18. Rh4 c5 19. Rc1 Kb8 20. Ne3 cxd4 21. Nxd4 Ne4 22. Nc4 Nxd2 23. Nxb6 axb6 24. Kxd2 Be7 25. Rf4 Bg5 26. Ke1 Bxf4 27. gxf4 Rd7 28. b4 Rhd8 29. Bb5 Rd5 30. Be2 e5 31. fxe5 Rxe5 32. Rd1 Rde8 33. Kf1 Bf5 34. Nxf5 Rxf5 35. a4 Rfe5 36. Bf3 Rc8 37. Rd3 b5 38. axb5 Rxb5 39. Bg4 Rc7 40. Ke2 Re5+ 41. Kd2 g6 42. hxg6 fxg6 43. Bd7 g5 44. b5 b6 45. Rd4 h5 46. Bc6 g4 47. Rd8+ Rc8 48. Rd7 Rxc6 49. bxc6 Rf5 50. Ke3 Rc5 51. Rb7+ Kc8 52. Rxb6 Rxc3+ 53. Ke2 Rc5 54. Kf1 Kc7 55. Ra6 Rf5 56. Kg2 Rg5 57. Kh2 h4 58. Kg2 Rg6 59. Ra7+ Kb8 60. Rh7 h3+ 61. Kg3 Kc8 62. f4 Rg8 63. f5 Rg5 64. f6 Rg8 65. Rg7 Rf8 66. f7 Kc7 1/2-1/2

[Event "Wiesbaden op 28th"]
[Site "Wiesbaden"]
[Date "2016.08.26"]
[Round "2"]
[White "Ebeling, Leander"]
[Black "Moseler, Thomas"]
[Result "0-1"]
[WhiteElo "1809"]
[BlackElo "1620"]
[PlyCount "94"]
[EventDate "2016.08.25"]
[EventType "swiss"]
[EventRounds "7"]
[EventCountry "GER"]
[SourceTitle "CBM 174 Extra"]
[Source "ChessBase"]
[SourceDate "2016.10.10"]
[SourceVersion "1"]
[SourceVersionDate "2016.10.10"]
[SourceQuality "1"]

1. c4 e6 2. g3 d5 3. cxd5 exd5 4. Bg2 Nf6 5. Nf3 c6 6. d4 Be7 7. Nc3 0-0 8. 0-0 Nbd7 9. b3 Re8 10. Bb2 h6 11. Rc1 Nh7 12. Na4 Ng5 13. Nxg5 Bxg5 14. e3 Be7 15. Nc5 Nxc5 16. dxc5 Qa5 17. a3 Bf5 18. Qf3 Be6 19. Rfd1 Bf8 20. Rd4 Qd8 21. Qe2 Qg5 22. h4 Qe7 23. e4 dxe4 24. Rxe4 Rad8 25. Bh3 Qd7 26. Rd4 Qc8 27. Bxe6 Rxe6 28. Rxd8 Qxd8 29. Qd1 Qe8 30. b4 Re2 31. Bd4 Re7 32. Qd2 Rd7 33. Qb2 Qe4 34. Be3 Be7 35. Qc2 Qd5 36. a4 a6 37. Qe2 Qd3 38. Qg4 Kf8 39. Qf4 Rd8 40. Qc7 Qd7 41. Qb6 Ra8 42. Bf4 Bd8 43. Bc7 Qxc7 44. Qxc7 Bxc7 45. Rd1 Rd8 46. Rb1 Rd5 47. b5 axb5 0-1